[Event "Druga liga CS - zapad 2014"]
[Site "Sabac"]
[Date "2014.09.25"]
[Round "1.5"]
[White "Rajkovic, Mladen**"]
[Black "Kahrovic, Mersid"]
[Result "0-1"]
[WhiteElo "2150"]
[BlackElo "2281"]
[PlyCount "160"]
[EventDate "2014.09.25"]

1. e4 d6 2. d4 Nf6 3. Nc3 e6 4. Be3 Be7 5. f3 d5 6. e5 Nfd7 7. f4 Nb6 8. Qg4 g6
9. h4 h5 10. Qg3 N8d7 11. Nf3 Nf8 12. Qf2 Bd7 13. Ng5 Bb4 14. a3 Bxc3+ 15. bxc3
Qe7 16. Bd3 Bc6 17. O-O O-O-O 18. Rfb1 Ba4 19. Rb4 Nfd7 20. Kh1 Nb8 21. Qe2 Nc6
22. Rbb1 Na5 23. Bc1 Nac4 24. g3 Bc6 25. Kh2 Qd7 26. Bd2 Rdf8 27. Be1 Kb8 28.
Nf3 Na4 29. Ng5 Bb5 30. Rb3 Ba6 31. Rb4 Ka8 32. Rab1 b5 33. Qf3 Nab6 34. Qe2
Qc6 35. R4b3 Qd7 36. Qf3 Qe7 37. Rb4 Bb7 38. Qe2 a6 39. Bxc4 dxc4 40. a4 Nxa4
41. Rxa4 bxa4 42. Ne4 Bd5 43. Nc5 Rb8 44. Ra1 Ka7 45. Rxa4 Rb6 46. Qd1 Qe8 47.
Qa1 Qc6 48. Bf2 Ra8 49. Be3 Kb8 50. Qd1 Kc8 51. f5 exf5 52. Bg5 Rab8 53. Ra1
Be4 54. Bc1 Bf3 55. Qf1 Bg4 56. Ba3 Qf3 57. Qxf3 Bxf3 58. Bb4 Ra8 59. Ra5 Bb7
60. Ra1 Bd5 61. Kg1 a5 62. Rxa5 Rxa5 63. Bxa5 Rb2 64. Na6 c6 65. Nb4 Rb1+ 66.
Kf2 Rh1 67. Ke3 Rf1 68. Ke2 Ra1 69. Bb6 Be4 70. Ke3 Kd7 71. Kf4 Ke6 72. Kg5 Bd5
73. Kh6 Ra3 74. Kg7 Rxc3 75. Bd8 Rxg3 76. Na6 Kd7 77. Ba5 f4 78. Nc5+ Kc8 79.
Be1 Rg1 80. Bd2 f3 0-1

[Event "Druga liga CS - zapad 2014"]
[Site "Sabac"]
[Date "2014.09.25"]
[Round "1.5"]
[White "Mrsevic, Miroslav"]
[Black "Pecinar, Zoran"]
[Result "1-0"]
[WhiteElo "2275"]
[BlackElo "2177"]
[PlyCount "65"]
[EventDate "2014.09.25"]

1. e4 c5 2. Nf3 d6 3. d4 cxd4 4. Nxd4 Nf6 5. f3 g6 6. c4 Bg7 7. Nc3 Qb6 8. Nc2
Nc6 9. Rb1 O-O 10. Be3 Qc7 11. Be2 Be6 12. O-O Rfd8 13. Qe1 Rac8 14. Qh4 Qa5
15. f4 Nb4 16. Na3 a6 17. Qf2 Rc6 18. Nd5 Kf8 19. Qe1 Bxd5 20. exd5 Rcc8 21.
Kh1 Ne4 22. Nc2 Qxa2 23. Qxb4 b5 24. Qa3 Qxa3 25. Nxa3 b4 26. Nc2 a5 27. f5 Ra8
28. fxg6 hxg6 29. Bd3 Nf6 30. Nd4 Kg8 31. Nc6 Rd7 32. Bd4 Raa7 33. b3 1-0

[Event "Druga liga CS - zapad 2014"]
[Site "Sabac"]
[Date "2014.09.25"]
[Round "1.5"]
[White "Radovanovic, Mihajlo**"]
[Black "Dumic, Marko"]
[Result "1-0"]
[WhiteElo "1964"]
[BlackElo "2262"]
[PlyCount "61"]
[EventDate "2014.09.25"]

1. Nf3 f5 2. d3 d5 3. c4 e6 4. Nc3 d4 5. Nb5 Nc6 6. e3 Bb4+ 7. Bd2 dxe3 8. fxe3
Bxd2+ 9. Qxd2 Nf6 10. d4 a6 11. Nc3 O-O 12. Be2 Qe7 13. Qc2 Bd7 14. h3 Rad8 15.
O-O-O Be8 16. a3 Bh5 17. g4 fxg4 18. hxg4 Bxg4 19. Rdg1 Bf5 20. Bd3 Bxd3 21.
Qxd3 g6 22. Rh6 Rf7 23. Ng5 Rg7 24. Nce4 Rf8 25. Nc5 Nd8 26. e4 e5 27. Qh3 Re8
28. Nd3 exd4 29. e5 Nh5 30. Nxh7 Qf7 31. Nf6+ 1-0

[Event "Druga liga CS - zapad 2014"]
[Site "Sabac"]
[Date "2014.09.25"]
[Round "1.5"]
[White "Brajovic, Miroljub"]
[Black "Civric, Zdravko"]
[Result "0-1"]
[WhiteElo "2130"]
[BlackElo "2211"]
[PlyCount "88"]
[EventDate "2014.09.25"]

1. e4 c5 2. c3 Nf6 3. e5 Nd5 4. d4 cxd4 5. cxd4 e6 6. Nf3 Be7 7. Nc3 Nxc3 8.
bxc3 d6 9. Bd3 dxe5 10. Nxe5 Nd7 11. f4 Qa5 12. Bd2 Bh4+ 13. g3 Qd5 14. O-O Bf6
15. Qe2 O-O 16. Be4 Qd6 17. g4 g6 18. Rf3 Rd8 19. Be3 Rb8 20. Rh3 Nf8 21. g5
Bxe5 22. fxe5 Qc7 23. Bd2 b5 24. Rf3 Bd7 25. h4 Bc6 26. h5 b4 27. Raf1 Bb5 28.
Bd3 bxc3 29. Bc1 Bxd3 30. Qxd3 Rb7 31. Qe4 Qb6 32. Be3 Rc7 33. Qf4 Qb4 34. Qf6
Qe7 35. Qf4 gxh5 36. Qh4 c2 37. Qxh5 Rxd4 38. Rf6 Re4 39. Qf3 Rxe5 40. Bc1 Qc5+
41. Kh2 Rf5 42. Rxf5 Qxf5 43. Qg2 Qe5+ 44. Kh1 Ng6 0-1

[Event "Druga liga CS - zapad 2014"]
[Site "Sabac"]
[Date "2014.09.25"]
[Round "1.5"]
[White "Knezevic, Veljko**"]
[Black "Musovic, Sabrija"]
[Result "1-0"]
[WhiteElo "1890"]
[BlackElo "2106"]
[PlyCount "59"]
[EventDate "2014.09.25"]

1. e4 c5 2. Nf3 d6 3. d4 cxd4 4. Nxd4 Nf6 5. Nc3 a6 6. f4 e5 7. Nf3 Qc7 8. a4
Be7 9. Bd3 b6 10. O-O Bb7 11. Kh1 Nbd7 12. Qe1 Nc5 13. Nh4 g6 14. fxe5 dxe5 15.
Bh6 Nxd3 16. cxd3 Ng4 17. Bd2 Qd8 18. Qe2 Nxh2 19. Kxh2 Bxh4 20. Bh6 Qd6 21.
Nd5 f5 22. Rac1 Bxd5 23. exd5 e4+ 24. Kh1 Qxd5 25. dxe4 Qxe4 26. Qd2 Be7 27.
Rfe1 Qh4+ 28. Kg1 Rd8 29. Bg5 Rxd2 30. Rxe7+ 1-0

[Event "Druga liga CS - zapad 2014"]
[Site "Sabac"]
[Date "2014.09.25"]
[Round "1.6"]
[White "Bojovic, Dusan*"]
[Black "Bozovic, Nikola"]
[Result "0-1"]
[WhiteElo "2294"]
[BlackElo "2289"]
[PlyCount "102"]
[EventDate "2014.09.25"]

1. e4 Nf6 2. e5 Nd5 3. d4 d6 4. c4 Nb6 5. exd6 cxd6 6. Nf3 g6 7. Nc3 Bg7 8. Be3
O-O 9. Qd2 Bg4 10. h4 Bxf3 11. gxf3 Nc6 12. O-O-O e5 13. d5 Nd4 14. h5 Nxf3 15.
Qd3 Nd4 16. hxg6 fxg6 17. Bh3 Nf5 18. Ne4 Nxc4 19. Bg5 Qb6 20. b3 Na3 21. Be3
Rac8+ 22. Kb2 Nc4+ 23. Qxc4 Rxc4 24. Bxb6 Rxe4 25. Bxa7 Re2+ 26. Kc3 Ra8 27.
Bb6 Raxa2 28. Bxf5 gxf5 29. Rdg1 Rac2+ 30. Kb4 Re4+ 31. Ka3 Rg4 32. Rxg4 fxg4
33. Rh4 Rd2 34. Rxg4 Rxd5 35. Be3 Kf7 36. Rh4 h6 37. Bxh6 Bxh6 38. Rxh6 Ke7 39.
Kb4 Rd4+ 40. Kc3 Rf4 41. Rh7+ Rf7 42. Rh2 Ke6 43. Kc4 d5+ 44. Kc5 Rc7+ 45. Kb6
Rd7 46. Kc5 Kf5 47. Kb4 Rc7 48. Rh3 d4 49. Rd3 Ke4 50. Rd2 d3 51. Ka3 Rc2 0-1

[Event "Druga liga CS - zapad 2014"]
[Site "Sabac"]
[Date "2014.09.25"]
[Round "1.6"]
[White "Lukic, Predrag"]
[Black "Toth, Aleksandar*"]
[Result "1/2-1/2"]
[WhiteElo "2241"]
[BlackElo "2326"]
[PlyCount "104"]
[EventDate "2014.09.25"]

1. d4 d5 2. c4 dxc4 3. e3 Nf6 4. Bxc4 e6 5. Nf3 a6 6. O-O c5 7. Bd3 Nc6 8. Nc3
Be7 9. a3 cxd4 10. exd4 O-O 11. b4 b6 12. Bb2 Bb7 13. Rc1 Bd6 14. Qe2 Ne7 15.
Rfd1 Ned5 16. g3 a5 17. b5 Nxc3 18. Rxc3 Nd5 19. Rcc1 Qe7 20. a4 f6 21. Re1
Rae8 22. Nh4 f5 23. Nf3 f4 24. Ne5 fxg3 25. fxg3 Qg5 26. Qe4 g6 27. Bc4 Bxe5
28. dxe5 Rf7 29. Bf1 Rf4 30. Qg2 Rxa4 31. Rcd1 Ba8 32. Qd2 Qg4 33. Bg2 Ra2 34.
Ra1 Rxa1 35. Bxa1 Qc4 36. Bf1 Qc7 37. Bd4 Rb8 38. Bh3 Re8 39. Rf1 Qa7 40. Qf2
Qb7 41. Bg2 Qe7 42. Qd2 a4 43. h4 Qb4 44. Qf2 Rf8 45. Qxf8+ Qxf8 46. Rxf8+ Kxf8
47. Bxd5 Bxd5 48. Bxb6 Ke8 49. Bd4 a3 50. Kf2 Be4 51. b6 Kd7 52. Ke3 Bc6
1/2-1/2

[Event "Druga liga CS - zapad 2014"]
[Site "Sabac"]
[Date "2014.09.25"]
[Round "1.6"]
[White "Krstic, Petar*"]
[Black "Bajevic, Branko"]
[Result "1-0"]
[WhiteElo "2326"]
[BlackElo "2147"]
[PlyCount "67"]
[EventDate "2014.09.25"]

1. d4 d5 2. Nf3 Nf6 3. c4 e6 4. g3 Be7 5. Bg2 O-O 6. O-O Ne4 7. Qc2 c6 8. Nc3
f5 9. Rb1 Nd7 10. b4 Bf6 11. Rd1 Re8 12. Bb2 Nb6 13. Nxe4 fxe4 14. Ne5 Bxe5 15.
dxe5 Qg5 16. c5 Nc4 17. Bxe4 Nxb2 18. Bxh7+ Kf7 19. Rxb2 g6 20. Rd4 Kg7 21. Rh4
Rh8 22. f4 Qf5 23. Bxg6 Qf8 24. Rxh8 Qxh8 25. Bd3 Bd7 26. e3 Qh5 27. Qe2 Qh3
28. Qf1 Qh6 29. b5 a6 30. bxa6 bxa6 31. Rb7 Rd8 32. Bxa6 Kf7 33. Be2 Ke7 34.
Bb5 1-0

[Event "Druga liga CS - zapad 2014"]
[Site "Sabac"]
[Date "2014.09.25"]
[Round "1.6"]
[White "Milovanovic, Nebojsa"]
[Black "Djordjev, Bojan*"]
[Result "1-0"]
[WhiteElo "2151"]
[BlackElo "2133"]
[PlyCount "158"]
[EventDate "2014.09.25"]

1. Nf3 Nf6 2. d4 d6 3. h3 Nbd7 4. Nc3 c6 5. e4 e5 6. a4 Be7 7. Bc4 O-O 8. O-O
a5 9. Re1 Qc7 10. Ba2 exd4 11. Nxd4 Nc5 12. f4 Rd8 13. f5 d5 14. e5 Nfe4 15.
Bf4 Nxc3 16. bxc3 Ne4 17. Rxe4 dxe4 18. Qh5 Bc5 19. Re1 Rd5 20. Rxe4 g6 21.
fxg6 hxg6 22. Qg5 Be6 23. Kh1 Rxd4 24. Bxe6 Rd1+ 25. Kh2 Bg1+ 26. Kg3 fxe6 27.
Qg4 Rf1 28. Qe2 Rb1 29. Bh6 Rd8 30. Rg4 Qf7 31. Rf4 Qh7 32. Rh4 Re8 33. Bg5 Qd7
34. Qe4 Bf2+ 35. Kxf2 Rf8+ 36. Bf6 Qd2+ 37. Kg3 Qe1+ 38. Qxe1 Rxe1 39. Rh8+ Kf7
40. Rh7+ Ke8 41. Re7+ Kd8 42. Rf7+ Ke8 43. Re7+ Kd8 44. Rxb7+ Kc8 45. Ra7 Kb8
46. Rxa5 Re3+ 47. Kg4 Rxc3 48. Be7 Rf5 49. Rc5 Rxc5 50. Bxc5 Kb7 51. Bd4 Ka6
52. Bc3 c5 53. g3 Kb6 54. Kh4 Rh5+ 55. Kg4 Kc6 56. Bb2 Kd5 57. a5 Kc6 58. c4
Kb7 59. Ba1 Ka6 60. Bc3 Rf5 61. h4 Rf1 62. Bd2 Rf5 63. Bc3 Rf2 64. Kg5 Rf3 65.
Bd2 Rxg3+ 66. Kf6 Rg4 67. Bg5 Rxc4 68. Kxe6 Rd4 69. Kf6 Kb7 70. e6 Kc7 71. Kxg6
Rd1 72. h5 Re1 73. e7 Kd7 74. h6 Re6+ 75. Kf5 Ra6 76. h7 Ra8 77. Bf6 c4 78.
h8=Q Rxh8 79. Bxh8 Kxe7 1-0

[Event "Druga liga CS - zapad 2014"]
[Site "Sabac"]
[Date "2014.09.25"]
[Round "1.6"]
[White "Jovanovic, Miroslav O*"]
[Black "Lazic, Miodrag"]
[Result "1-0"]
[WhiteElo "2066"]
[BlackElo "2040"]
[PlyCount "69"]
[EventDate "2014.09.25"]

1. d4 Nf6 2. c4 g6 3. Nc3 d5 4. Nf3 Bg7 5. Bg5 Ne4 6. cxd5 Nxg5 7. Nxg5 e6 8.
Qd2 h6 9. Nh3 exd5 10. Nf4 O-O 11. e3 c6 12. Be2 Nd7 13. O-O Re8 14. b4 Nf6 15.
b5 c5 16. dxc5 g5 17. Nh5 Nxh5 18. Bxh5 Qa5 19. Rac1 Rd8 20. Qd3 d4 21. exd4
Bxd4 22. Qf3 Be6 23. Ne4 Qxa2 24. h4 f5 25. Nd6 Rd7 26. Nxf5 Rf8 27. Nxh6+ Kg7
28. Qe4 Rxf2 29. Kh1 Qd5 30. Qg6+ Kh8 31. Rxf2 Bxf2 32. Qf6+ Rg7 33. Rd1 Qa2
34. Rd8+ Bg8 35. Rxg8+ 1-0

[Event "Druga liga CS - zapad 2014"]
[Site "Sabac"]
[Date "2014.09.25"]
[Round "1.6"]
[White "Leontic, Ivica*"]
[Black "Jovanovic, Obrad"]
[Result "1-0"]
[WhiteElo "2047"]
[BlackElo "2128"]
[PlyCount "125"]
[EventDate "2014.09.25"]

1. d4 Nf6 2. c4 g6 3. Nc3 Bg7 4. e4 d6 5. f3 O-O 6. Be3 a6 7. Bd3 Nbd7 8. Nge2
c5 9. d5 e6 10. a4 Re8 11. O-O exd5 12. cxd5 b6 13. Bf2 Ne5 14. b3 Nxd3 15.
Qxd3 Nd7 16. Rab1 Ne5 17. Qd2 f5 18. Rfe1 Rb8 19. Nc1 Qf6 20. N1e2 b5 21. b4 c4
22. Bd4 Qf8 23. axb5 axb5 24. Ra1 Bh6 25. Be3 Bg7 26. Ra5 Nd3 27. Rb1 Bd7 28.
Bd4 Ra8 29. Qa2 Rxa5 30. Qxa5 fxe4 31. Nxe4 Bxd4+ 32. Nxd4 Qf4 33. Nc2 Bf5 34.
Nf6+ Kf7 35. Nxe8 Kxe8 36. Qxb5+ Kf7 37. Rf1 Nc1 38. Qa5 Qd2 39. Qa7+ Kg8 40.
Qa8+ Kf7 41. Qa7+ Kg8 42. Ne1 Ne2+ 43. Kh1 c3 44. Qb8+ Kg7 45. Qc7+ Kg8 46.
Qd8+ Kf7 47. b5 Nf4 48. Rg1 Qf2 49. Qc7+ Kg8 50. Qd8+ Kf7 51. Qc7+ Ke8 52. Qb8+
Ke7 53. Nc2 Qxc2 54. Re1+ Ne2 55. Qa7+ Kf6 56. Qe3 Bd3 57. b6 Ba6 58. b7 Bxb7
59. Rxe2 Qb1+ 60. Re1 c2 61. Qe7+ Kf5 62. Qe4+ Kg5 63. Rxb1 1-0

[Event "Druga liga CS - zapad 2014"]
[Site "Sabac"]
[Date "2014.09.25"]
[Round "1.6"]
[White "Vujovic, Radojica"]
[Black "Radenkovic, Aleksa**"]
[Result "1-0"]
[WhiteElo "2101"]
[BlackElo "1960"]
[PlyCount "45"]
[EventDate "2014.09.25"]

1. e4 c5 2. Nf3 e6 3. Bc4 a6 4. a4 Nc6 5. O-O Qc7 6. Re1 d6 7. c3 Nf6 8. d3 Be7
9. Ba2 O-O 10. Nbd2 b5 11. Bb1 Bb7 12. Nf1 b4 13. Ng3 Rfd8 14. d4 cxd4 15. cxd4
d5 16. e5 Nd7 17. b3 Bf8 18. Bxh7+ Kxh7 19. Ng5+ Kg8 20. Qh5 Bc5 21. Qxf7+ Kh8
22. Qh5+ Kg8 23. Qh7+ 1-0